00968cam a2200253 a 450000100100000000500170001000800410002702000150006804000300008308200180011310000360013124500970016726000540026430000190031849000270033750400420036465000470040665000460045383000340049991000330053304900090056695201220057599900170069700001832120250703110300.0900626s1984 fr b 000 0 fre d a2130421776 aDO-SdBNPbfrecDLCdBNPHU a149.91bC741m1 aComte-Sponville, André.9254313aLe mythe d'Icare :btraité du désespoir et de la béatitude /cAndré Comte-Sponville. aParis :bPresses universitaires de France,c1984. a1 v. ;c22 cm.1 aPerspectives Critiques aIncluye referencias bibliográficas. 4aCivilización modernaxFilosofía939679 0a Ciencia política -xFilosofía920383 0aPerspectives Critiques939680 aCatalogación derivada / LC aBNGR 001054708MOaGRbGRcCTd2010-04-27iLF1l0o149.91 C741mp18321-10r2020-06-25w2020-06-25y4ZPréstamo en sala c17842d17842